00498nam a2200193 a 4500001001300000003000900013005001700022008004100039020001000080082001700090100001700107245004100124260004400165300000900209500003500218505001000253650002400263700001700287nice12345678IN_TiNIC20260116014316.0070412s2006 dela grp 000 0 eng  ac35000a181.043bBHA aBhagwat, N K aBuddhist Philosophy of the Theravada aDelhi bBharatiya Kaka Prakashan c2006 a222p aincludes index and biblioraphy2 aindex aPhilosophy-Buddhist1 aBhagwat, N K